Länder in der EU 2026 - Statistiken

Allgemein
  • Dieses Quiz wurde 115 mal gespielt
  • Das Durchschnittsergebnis liegt bei 21 aus 27
Answers on the Grid
Answers color-coded by a green-red scale on the quiz's grid according to % correct below.
Deutschland
Schweiz
Portugal
Spanien
Russland
Frankreich
Türkei
Italien
Polen
Niederlande
Österreich
Belgien
Tschechien
Griechenland
Schweden
Ungarn
Rumänien
Finnland
Dänemark
Slovakei
Irland
Kroatien
Litauen
Lettland
Slowenien
Estland
Zypern
Malta
Bulgarien
Luxemburg
 
Antwortstatistiken
Antwort % Korrekt
Deutschland
100%
Portugal
87%
Frankreich
86%
Spanien
84%
Kroatien
82%
Niederlande
82%
Italien
80%
Luxemburg
80%
Finnland
79%
Polen
79%
Belgien
78%
Dänemark
78%
Griechenland
78%
Tschechien
78%
Bulgarien
76%
Estland
76%
Irland
76%
Österreich
76%
Schweden
75%
Slovakei
75%
Slowenien
75%
Ungarn
75%
Lettland
74%
Litauen
74%
Rumänien
72%
Malta
70%
Zypern
68%
Keine übereinstimmenden Quizze gefunden
Verteilung der Resultate
Anzahl Personen mit jedem Resultat
Perzentil nach korrekt beantworteten Fragen
Ihre Resultats-Entwicklung
Sie haben dieses Quiz noch nicht gespielt